000 00815nam a2200277 a 4500
001 vtls001539316
003 NLI
005 20210627150218.0
008 121212s1912 nyu 000 0 eng
039 9 _y201212121711
_zVLOAD
040 0 _aNLI
_beng
_cXData_1
_eAACR2
041 0 _aeng
044 _anyu
082 _a160
100 1 _aHaldeman, I. M.
_q(Isaac Massey),
_d1845-1933
_9958024
245 1 0 _aChrist, Christianity and the Bible /
_cI. M. Haldeman
260 _aNew York :
_bFleming H. Revell,
_c1912
300 _a158 p. ;
_c20 cm.
600 0 0 _aJesus Christ
_xDivinity
_9955674
650 0 _aChristianity
_y20th century
_9799785
887 _a
901 _aIMP135363 :
_b10.10.2011
902 _a160 F 249
949 _AVIRTUAITEM
_D10000
_X100
_6IMP000135363ENG
942 _2ddc
_cBKS
999 _aVIRTUA40
_c988694
_d988694